| 000 | 00979cam a2200289 a 4500 | ||
|---|---|---|---|
| 001 | 3944325 | ||
| 003 | OSt | ||
| 005 | 20140310181743.0 | ||
| 008 | 931207s1994 tnua 000 0 eng | ||
| 010 | _a 93044820 | ||
| 020 | _a9715900798 | ||
| 040 |
_aDLC _cDLC _dDLC |
||
| 050 | 0 | 0 |
_aBV 4850 _b.M511 1996,1999 |
| 082 | 0 | 0 |
_aFil 242 _bM475 1994 |
| 100 | 1 | _aMeier, Cheryl. | |
| 245 | 1 | 0 |
_aI know just how you feel / _cMeier,Cheryl, foreword by Paul Meier. |
| 260 |
_aNashville : _bT. Nelson, _c1996,1999. |
||
| 300 |
_a148 p. : _bill. ; _c21 cm. |
||
| 650 | 0 |
_aTeenagers _vPrayers and devotions. |
|
| 650 | 0 | _aDevotional calendars. | |
| 856 | 4 | 2 |
_3Publisher description _uhttp://www.loc.gov/catdir/enhancements/fy0609/93044820-d.html |
| 906 |
_a7 _bcbc _corignew _d1 _eocip _f19 _gy-gencatlg |
||
| 942 |
_2lcc _cBK _kFIL |
||
| 999 |
_c2854 _d2854 |
||